[Event "Paul Keres mem. (42nd)"]
[Site "Richmond CAN"]
[Date "2017.05.21"]
[Round "3.7"]
[White "Pechisker, Alfred"]
[Black "Zheng, Victor"]
[Result "1-0"]
[WhiteElo "2262"]
[BlackElo "1819"]
[WhiteFideId "-1"]
[WhiteFideId "-1"]
[PlyCount "71"]
[GameId "2160767908411417"]
[EventDate "2017.05.20"]
[EventType "swiss"]
[EventRounds "6"]
[EventCountry "CAN"]
[SourceTitle "10 Days #408"]
[Source "Chess Mix"]
[SourceDate "2014.08.01"]

1. d4 Nf6 2. c4 g6 3. Nc3 Bg7 4. e4 d6 5. f3 O-O 6. Bg5 Nbd7 7. Nh3 c5 8. d5 a6 9. Nf2 Qc7 10. Qd2 e6 11. dxe6 fxe6 12. Rd1 Ne8 13. Bh6 Ne5 14. h4 Rxf3 15. Bf4 Rxf4 16. Qxf4 d5 17. exd5 Nd6 18. Be2 Nf5 19. O-O Bh6 20. Qh2 Ne3 21. Nfe4 Nxf1 22. Rxf1 Be3+ 23. Kh1 Bd4 24. h5 Qg7 25. Nf6+ Kh8 26. d6 Nd7 27. h6 Qf7 28. Nxd7 Qxf1+ 29. Bxf1 Bxd7 30. Qh4 Rf8 31. Bd3 Bf6 32. Qe4 b5 33. cxb5 axb5 34. Bxb5 Rd8 35. Bxd7 Rxd7 36. Qxe6 1-0

[Event "Paul Keres mem. (42nd)"]
[Site "Richmond CAN"]
[Date "2017.05.21"]
[Round "3.10"]
[White "Zheng, Maven"]
[Black "Gornall, Kirk"]
[Result "0-1"]
[WhiteElo "1849"]
[BlackElo "2090"]
[WhiteFideId "-1"]
[WhiteFideId "-1"]
[PlyCount "96"]
[GameId "2160767908411420"]
[EventDate "2017.05.20"]
[EventType "swiss"]
[EventRounds "6"]
[EventCountry "CAN"]
[SourceTitle "10 Days #408"]
[Source "Chess Mix"]
[SourceDate "2014.08.01"]

1. d4 d5 2. c4 c6 3. Nc3 Nf6 4. Nf3 a6 5. e3 b5 6. b3 Bg4 7. Bd3 Nbd7 8. O-O e6 9. Bb2 Bd6 10. e4 b4 11. e5 bxc3 12. Bxc3 Ne4 13. exd6 Nxc3 14. Qc2 Ne4 15. Bxe4 dxe4 16. Qxe4 Bxf3 17. Qxf3 Qc8 18. d5 O-O 19. dxc6 Ne5 20. Qe4 Nxc6 21. Rfd1 Rd8 22. c5 Rb8 23. Rd3 Nb4 24. Rh3 h6 25. a3 Qxc5 26. axb4 Rxb4 27. Qe1 Qxd6 28. Rc3 Qb6 29. Qb1 Rbd4 30. Rc1 Rd2 31. Rf1 R8d3 32. Qc1 a5 33. Rb1 Re2 34. Qc4 Rdd2 35. Qf4 e5 36. Qf5 g6 37. Qf3 e4 38. Qf4 e3 39. Rbc1 exf2+ 40. Kh1 Kg7 41. h3 Qxb3 42. Ra1 Qd5 43. Rac1 g5 44. Qg3 Rd3 45. Qg4 h5 46. Qxh5 Rg3 47. Rxf2 Rxf2 48. Rg1 Rgxg2 0-1

[Event "Paul Keres mem. (42nd)"]
[Site "Richmond CAN"]
[Date "2017.05.21"]
[Round "4"]
[White "Ferguson, Jim"]
[Black "Zheng, Maven"]
[Result "1/2-1/2"]
[WhiteElo "2160"]
[BlackElo "1849"]
[WhiteFideId "-1"]
[WhiteFideId "-1"]
[PlyCount "136"]
[GameId "2160767908411421"]
[EventDate "2017.05.20"]
[EventType "swiss"]
[EventRounds "6"]
[EventCountry "CAN"]
[SourceTitle "CBM 178 Extra"]
[Source "ChessBase"]
[SourceDate "2017.06.22"]
[SourceVersion "1"]
[SourceVersionDate "2017.06.22"]
[SourceQuality "1"]

1. e4 c5 2. b4 cxb4 3. d4 e6 4. a3 Qa5 5. Be3 Nf6 6. Bd3 bxa3+ 7. Nd2 b5 8. c3 Ba6 9. Ne2 b4 10. Nb3 Qc7 11. Bf4 Qb6 12. c4 d6 13. c5 dxc5 14. dxc5 Qd8 15. Ned4 Bxd3 16. Qxd3 Bxc5 17. Qb5+ Nbd7 18. Nxc5 O-O 19. Nc6 Qb6 20. Qxb6 axb6 21. Nxd7 Nxd7 22. Bd6 Rfe8 23. Bxb4 a2 24. Kd2 b5 25. Na5 Nb6 26. Rxa2 Red8+ 27. Ke3 Nc4+ 28. Ke2 Rd4 29. Rd1 Rxe4+ 30. Kf3 f5 31. Nxc4 Rxa2 32. Rd8+ Kf7 33. Nd6+ Ke7 34. Nxe4+ Kxd8 35. Nc5 Ke7 36. Ne4+ Kd7 37. Nc5+ Kd6 38. Ne4+ Ke5 39. Ng5 h6 40. Nf7+ Kf6 41. Nd6 Kg6 42. Nxb5 Rb2 43. Nd4 Rxb4 44. Nxe6 Rc4 45. Kg3 Kf6 46. Nf4 g5 47. Ne2 Ke5 48. f3 Rc2 49. Kf2 h5 50. Ke3 Ra2 51. f4+ gxf4+ 52. Nxf4 Ra3+ 53. Nd3+ Kd5 54. Ke2 Ra2+ 55. Kf3 Ra3 56. Ke2 Ke4 57. Nf2+ Kd4 58. Nh3 Rxh3 59. gxh3 Ke4 60. Kf2 f4 61. Ke2 f3+ 62. Kf2 Kf4 63. h4 Ke4 64. Ke1 Ke5 65. Kf1 Ke4 66. Ke1 Ke3 67. Kf1 f2 68. h3 Kf3 1/2-1/2

[Event "Paul Keres mem. (42nd)"]
[Site "Richmond CAN"]
[Date "2017.05.21"]
[Round "4.1"]
[White "Sohal, Tanraj"]
[Black "Hui, Jeremy"]
[Result "1-0"]
[WhiteElo "2373"]
[BlackElo "2084"]
[WhiteFideId "-1"]
[WhiteFideId "-1"]
[PlyCount "81"]
[GameId "2160767908411423"]
[EventDate "2017.05.20"]
[EventType "swiss"]
[EventRounds "6"]
[EventCountry "CAN"]
[SourceTitle "10 Days #408"]
[Source "Chess Mix"]
[SourceDate "2014.08.01"]

1. d4 e6 2. Nf3 Nf6 3. g3 b5 4. Bg2 Bb7 5. O-O Be7 6. Nbd2 O-O 7. c3 d6 8. Re1 Nbd7 9. e4 e5 10. a4 a6 11. Qe2 c6 12. b3 Qb6 13. Bb2 Rfe8 14. Qd3 Bf8 15. Qc2 c5 16. d5 Reb8 17. Bf1 Ne8 18. c4 b4 19. Nh4 g6 20. f4 Bg7 21. Ndf3 f6 22. Bh3 Nf8 23. Ng2 Bc8 24. Bxc8 Rxc8 25. h4 Bh6 26. f5 Ra7 27. fxg6 hxg6 28. Nh2 Rf7 29. Ng4 Bg7 30. N2e3 Qd8 31. Rf1 Nh7 32. Rae1 Kf8 33. Qh2 Ke7 34. h5 g5 35. Rf3 Nc7 36. Ref1 Qf8 37. Qh3 Re8 38. Bxe5 dxe5 39. Nxe5 fxe5 40. Rxf7+ Qxf7 41. d6+ 1-0

[Event "Paul Keres mem. (42nd)"]
[Site "Richmond CAN"]
[Date "2017.05.21"]
[Round "4.2"]
[White "Orlov, Georgi"]
[Black "Valencia, Belsar"]
[Result "1-0"]
[WhiteElo "2529"]
[BlackElo "2378"]
[WhiteFideId "-1"]
[WhiteFideId "-1"]
[PlyCount "111"]
[GameId "2160767908411424"]
[EventDate "2017.05.20"]
[EventType "swiss"]
[EventRounds "6"]
[EventCountry "CAN"]
[SourceTitle "10 Days #408"]
[Source "Chess Mix"]
[SourceDate "2014.08.01"]

1. e4 c5 2. Nf3 e6 3. c4 d6 4. d4 cxd4 5. Nxd4 Nf6 6. Nc3 a6 7. Be2 Be7 8. Be3 Qc7 9. O-O O-O 10. Rc1 Nbd7 11. f3 b6 12. Qd2 Bb7 13. Rfd1 Rfe8 14. Bf1 Rac8 15. Qf2 Qb8 16. a3 Bd8 17. Nc2 Bc7 18. g3 Ne5 19. Be2 Bd8 20. Bxb6 Nxc4 21. Ba7 Qc7 22. Bxc4 Qxc4 23. Rxd6 Ba5 24. Ne3 Qb3 25. Qc2 Qxc2 26. Rxc2 Bc7 27. Rd1 Be5 28. Bd4 Bb8 29. Rcd2 h6 30. Na4 e5 31. Bc5 Bc7 32. Nf5 Rcd8 33. Bd6 Bc6 34. Bxc7 Rxd2 35. Rxd2 Bxa4 36. Rd6 Bb5 37. b3 Re6 38. Rd8+ Kh7 39. a4 Bd7 40. Ne3 Bc6 41. Nc4 Bxa4 42. bxa4 Rc6 43. Bxe5 Rxc4 44. Rd4 Rc1+ 45. Kg2 Rc2+ 46. Kh3 Ra2 47. g4 Ng8 48. Kg3 Ne7 49. Rc4 f6 50. Bxf6 gxf6 51. Rc7 Rxa4 52. Rxe7+ Kg8 53. h4 Ra3 54. Ra7 a5 55. Kf4 a4 56. h5 1-0

[Event "Paul Keres mem. (42nd)"]
[Site "Richmond CAN"]
[Date "2017.05.21"]
[Round "4.3"]
[White "Nyamdorj, Davaa-Ochir"]
[Black "Wu, Howard"]
[Result "1-0"]
[WhiteElo "2204"]
[BlackElo "2149"]
[WhiteFideId "-1"]
[WhiteFideId "-1"]
[PlyCount "95"]
[GameId "2160767908411425"]
[EventDate "2017.05.20"]
[EventType "swiss"]
[EventRounds "6"]
[EventCountry "CAN"]
[SourceTitle "10 Days #408"]
[Source "Chess Mix"]
[SourceDate "2014.08.01"]

1. e4 c5 2. Nf3 g6 3. d4 cxd4 4. Nxd4 Nc6 5. c4 Bg7 6. Be3 Nf6 7. Nc3 O-O 8. Be2 d6 9. O-O Bd7 10. Rc1 Nxd4 11. Bxd4 Bc6 12. f3 Bh6 13. Rc2 Nh5 14. g3 f5 15. exf5 gxf5 16. f4 Nf6 17. Bf3 e5 18. Bxc6 exd4 19. Bd5+ Kh8 20. Qxd4 Bg7 21. Qd3 Ng4 22. Re1 Qb6+ 23. Kg2 Rac8 24. h3 Nf6 25. Qxf5 Nxd5 26. Qxd5 Rc5 27. Na4 Rxd5 28. Nxb6 Rd4 29. Nd5 b5 30. Ne3 bxc4 31. Nxc4 h5 32. Nd2 Rb4 33. b3 h4 34. Re4 Rb7 35. Nf3 hxg3 36. Kxg3 d5 37. Ra4 Re7 38. Kg4 Ref7 39. Ng5 Re7 40. h4 d4 41. h5 Re1 42. h6 Rg1+ 43. Kf3 Bxh6 44. Rh2 Rf6 45. Rxh6+ Rxh6 46. Nf7+ Kh7 47. Nxh6 Kxh6 48. Rxd4 1-0

[Event "Paul Keres mem. (42nd)"]
[Site "Richmond CAN"]
[Date "2017.05.21"]
[Round "4.5"]
[White "Zhou, Aiden"]
[Black "Gentes, Kevin"]
[Result "0-1"]
[WhiteElo "1958"]
[BlackElo "2350"]
[WhiteFideId "-1"]
[WhiteFideId "-1"]
[PlyCount "58"]
[GameId "2160767908411426"]
[EventDate "2017.05.20"]
[EventType "swiss"]
[EventRounds "6"]
[EventCountry "CAN"]
[SourceTitle "10 Days #408"]
[Source "Chess Mix"]
[SourceDate "2014.08.01"]

1. d4 c5 2. c3 Qc7 3. Nf3 Nf6 4. g3 b6 5. Bg2 Bb7 6. O-O e6 7. Bf4 d6 8. Re1 Nbd7 9. Nbd2 Be7 10. e4 e5 11. dxe5 dxe5 12. Bg5 b5 13. Qc2 O-O 14. Nh4 g6 15. c4 bxc4 16. Nxc4 Nb6 17. f4 exf4 18. Bxf4 Qd7 19. Rad1 Qe6 20. Nd6 Nh5 21. Nxb7 Nxf4 22. gxf4 Bxh4 23. Nxc5 Qg4 24. Rf1 Rac8 25. Rd3 Rfd8 26. Rxd8+ Bxd8 27. Qd1 Qh4 28. Nb3 Nc4 29. Qd4 Bb6 0-1

[Event "Paul Keres mem. (42nd)"]
[Site "Richmond CAN"]
[Date "2017.05.21"]
[Round "4.7"]
[White "Gornall, Kirk"]
[Black "Pechisker, Alfred"]
[Result "1-0"]
[WhiteElo "2090"]
[BlackElo "2262"]
[WhiteFideId "-1"]
[WhiteFideId "-1"]
[PlyCount "113"]
[GameId "2160767908411428"]
[EventDate "2017.05.20"]
[EventType "swiss"]
[EventRounds "6"]
[EventCountry "CAN"]
[SourceTitle "10 Days #408"]
[Source "Chess Mix"]
[SourceDate "2014.08.01"]

1. d4 Nf6 2. Nc3 d5 3. Bg5 Bf5 4. e3 e6 5. Bd3 Bxd3 6. Qxd3 c6 7. f4 Be7 8. Nf3 Nbd7 9. O-O h6 10. Bh4 Ng8 11. Be1 f5 12. g4 g6 13. Ne5 Nxe5 14. fxe5 h5 15. gxf5 gxf5 16. Ne2 Qd7 17. Kh1 Nh6 18. Rg1 Kf7 19. Bg3 Rag8 20. h3 Qd8 21. Bf4 Bg5 22. Bh2 Ke8 23. Rg2 Qe7 24. Rag1 h4 25. Bf4 Nf7 26. Qd2 Rh5 27. Nc1 Rg7 28. Nd3 Rh8 29. Qa5 a6 30. Qc5 Rhg8 31. Qxe7+ Kxe7 32. Nc5 b6 33. Nxa6 Kd7 34. c3 Bh6 35. Nb4 Rxg2 36. Rxg2 Rxg2 37. Kxg2 Bf8 38. Nd3 Be7 39. Ne1 Ng5 40. Bxg5 Bxg5 41. Kf3 Ke7 42. Ng2 Kf7 43. a4 Bd8 44. Nf4 Be7 45. b4 Bd8 46. Nd3 Ke8 47. Nc1 Kd7 48. Nb3 Kc7 49. Ke2 Bg5 50. a5 Be7 51. Kf3 Kb7 52. Kf4 Ka6 53. axb6 Kxb6 54. Nc5 Bxc5 55. bxc5+ Kb5 56. Kg5 Kc4 57. Kf6 1-0

[Event "Paul Keres mem. (42nd)"]
[Site "Richmond CAN"]
[Date "2017.05.21"]
[Round "4.8"]
[White "Patterson, Roger"]
[Black "Huang, Patrick"]
[Result "1-0"]
[WhiteElo "2149"]
[BlackElo "1927"]
[WhiteFideId "-1"]
[WhiteFideId "-1"]
[PlyCount "63"]
[GameId "2160767908411429"]
[EventDate "2017.05.20"]
[EventType "swiss"]
[EventRounds "6"]
[EventCountry "CAN"]
[SourceTitle "10 Days #408"]
[Source "Chess Mix"]
[SourceDate "2014.08.01"]

1. e4 c5 2. Nf3 d6 3. d4 cxd4 4. Nxd4 Nf6 5. Nc3 a6 6. f4 e6 7. Qf3 Be7 8. Be3 Qc7 9. O-O-O Nc6 10. g4 Nxd4 11. Bxd4 e5 12. fxe5 dxe5 13. Qg3 Bd6 14. Be3 Bxg4 15. h3 Bxd1 16. Qxg7 Rg8 17. Qxf6 Bh5 18. Nd5 Qc6 19. Qh4 Bg6 20. Nf6+ Kf8 21. Bh6+ Rg7 22. Nd5 Rc8 23. Bd3 Bc5 24. Qg3 Bd6 25. h4 f5 26. h5 fxe4 27. Bxg7+ Kg8 28. hxg6 exd3 29. gxh7+ Kf7 30. Qf3+ Ke6 31. Rh6+ Kd7 32. Qf7+ 1-0

[Event "Paul Keres mem. (42nd)"]
[Site "Richmond CAN"]
[Date "2017.05.21"]
[Round "4.9"]
[White "Fratila, Adela"]
[Black "North, Robert"]
[Result "1-0"]
[WhiteElo "2123"]
[BlackElo "2056"]
[WhiteFideId "-1"]
[WhiteFideId "-1"]
[PlyCount "71"]
[GameId "2160767908411430"]
[EventDate "2017.05.20"]
[EventType "swiss"]
[EventRounds "6"]
[EventCountry "CAN"]
[SourceTitle "10 Days #408"]
[Source "Chess Mix"]
[SourceDate "2014.08.01"]

1. Nf3 c5 2. c4 Nc6 3. b3 e5 4. Bb2 d6 5. g3 g6 6. Bg2 Bg7 7. d3 Nge7 8. Nc3 O-O 9. O-O Rb8 10. e3 a6 11. Qd2 b5 12. Ne2 Qb6 13. Rab1 h6 14. Ne1 Be6 15. Nc3 Rfd8 16. e4 Nd4 17. Nd5 Nxd5 18. cxd5 Bg4 19. Kh1 Kh7 20. f4 Rb7 21. h3 Bc8 22. Nf3 exf4 23. gxf4 Nxf3 24. Rxf3 f5 25. Re3 Rf8 26. e5 c4 27. dxc4 bxc4 28. bxc4 dxe5 29. fxe5 f4 30. Rb3 Qa7 31. Rf1 Rxb3 32. axb3 Qb8 33. e6 Qd6 34. Bxg7 Kxg7 35. Qd4+ Kh7 36. c5 1-0

[Event "Paul Keres mem. (42nd)"]
[Site "Richmond CAN"]
[Date "2017.05.22"]
[Round "5"]
[White "Li, James1"]
[Black "Tian, Sherry"]
[Result "1-0"]
[WhiteElo "2062"]
[BlackElo "1866"]
[WhiteFideId "-1"]
[WhiteFideId "-1"]
[PlyCount "101"]
[GameId "2160767908411432"]
[EventDate "2017.05.20"]
[EventType "swiss"]
[EventRounds "6"]
[EventCountry "CAN"]
[SourceTitle "CBM 178 Extra"]
[Source "ChessBase"]
[SourceDate "2017.06.22"]
[SourceVersion "1"]
[SourceVersionDate "2017.06.22"]
[SourceQuality "1"]

1. e4 e6 2. d3 d5 3. Nd2 Nf6 4. g3 Be7 5. Bg2 O-O 6. Ngf3 c5 7. O-O Nc6 8. Re1 a6 9. e5 Nd7 10. Nf1 b5 11. h4 Qc7 12. Bf4 Bb7 13. N1h2 c4 14. d4 b4 15. Ng5 h6 16. Nh3 Rfe8 17. c3 Bf8 18. Qg4 Kh7 19. Qh5 g6 20. Qf3 Bg7 21. Ng4 Nf8 22. Qe3 h5 23. Nh6 Bxh6 24. Bxh6 Ne7 25. Ng5+ Kg8 26. Bxf8 Rxf8 27. cxb4 Nf5 28. Qd2 Qb6 29. Nf3 Bc6 30. Bh3 Kg7 31. Bxf5 exf5 32. e6 f6 33. Re2 Rfe8 34. Rae1 Re7 35. Kg2 Rae8 36. Ng1 Bb7 37. Nh3 Rxe6 38. Nf4 Re4 39. f3 Rxe2+ 40. Rxe2 Rxe2+ 41. Qxe2 Kf7 42. a3 Qd6 43. Kf2 Bc8 44. Qe3 Qc6 45. Ne2 Bd7 46. Qh6 Be8 47. Qh7+ Ke6 48. Nf4+ Kd6 49. Qg7 Qa4 50. Qxf6+ Kd7 51. Qe6+ 1-0

[Event "Paul Keres mem. (42nd)"]
[Site "Richmond CAN"]
[Date "2017.05.22"]
[Round "5.1"]
[White "Nyamdorj, Davaa-Ochir"]
[Black "Sohal, Tanraj"]
[Result "0-1"]
[WhiteElo "2204"]
[BlackElo "2373"]
[WhiteFideId "-1"]
[WhiteFideId "-1"]
[PlyCount "82"]
[GameId "2160767908411433"]
[EventDate "2017.05.20"]
[EventType "swiss"]
[EventRounds "6"]
[EventCountry "CAN"]
[SourceTitle "10 Days #408"]
[Source "Chess Mix"]
[SourceDate "2014.08.01"]

1. e4 c5 2. Nf3 e6 3. d4 cxd4 4. Nxd4 Nf6 5. Nc3 Nc6 6. a3 Qc7 7. Be3 a6 8. f4 d6 9. Be2 Be7 10. O-O O-O 11. Qe1 Nxd4 12. Bxd4 e5 13. Be3 exf4 14. Rxf4 Be6 15. Bd4 Nd7 16. Qg3 Ne5 17. Bd3 Qd8 18. Nd5 Bxd5 19. exd5 g6 20. Raf1 Bg5 21. Bxe5 dxe5 22. Rb4 Bf4 23. Qf3 Qc7 24. g3 Bd2 25. Rb3 Rad8 26. Kg2 f5 27. d6 Qxd6 28. Qxb7 Kh8 29. Rd1 Rb8 30. Qf3 e4 31. Qe2 exd3 32. Qxd2 Qc6+ 33. Kh3 dxc2 34. Rxb8 Rxb8 35. Rc1 Rc8 36. b4 Qc4 37. Qd6 Kg8 38. Re1 Qg4+ 39. Kg2 c1=Q 40. Qe6+ Kg7 41. Qe7+ Kh6 0-1

[Event "Paul Keres mem. (42nd)"]
[Site "Richmond CAN"]
[Date "2017.05.22"]
[Round "5.2"]
[White "Richardson, Kai"]
[Black "Orlov, Georgi"]
[Result "0-1"]
[WhiteElo "2073"]
[BlackElo "2529"]
[WhiteFideId "-1"]
[WhiteFideId "-1"]
[PlyCount "50"]
[GameId "2160767908411434"]
[EventDate "2017.05.20"]
[EventType "swiss"]
[EventRounds "6"]
[EventCountry "CAN"]
[SourceTitle "10 Days #408"]
[Source "Chess Mix"]
[SourceDate "2014.08.01"]

1. d4 Nf6 2. c4 e6 3. Nf3 d5 4. Nc3 Bb4 5. Bg5 Nbd7 6. e3 c5 7. cxd5 exd5 8. a3 Bxc3+ 9. bxc3 Qa5 10. Qb3 Ne4 11. Rc1 O-O 12. Be2 c4 13. Qb2 Nb6 14. Be7 Re8 15. Bh4 Na4 16. Qb4 Qxb4 17. cxb4 a5 18. Nd2 axb4 19. axb4 Nec3 20. Bd1 Na2 21. Ra1 Nb2 22. O-O Bf5 23. b5 c3 24. Nb3 Nxd1 25. Rfxd1 Bc2 0-1

[Event "Paul Keres mem. (42nd)"]
[Site "Richmond CAN"]
[Date "2017.05.22"]
[Round "5.4"]
[White "Gentes, Kevin"]
[Black "Patterson, Roger"]
[Result "1-0"]
[WhiteElo "2350"]
[BlackElo "2149"]
[WhiteFideId "-1"]
[WhiteFideId "-1"]
[PlyCount "207"]
[GameId "2160767908411436"]
[EventDate "2017.05.20"]
[EventType "swiss"]
[EventRounds "6"]
[EventCountry "CAN"]
[SourceTitle "10 Days #408"]
[Source "Chess Mix"]
[SourceDate "2014.08.01"]

1. e4 e5 2. Nf3 Nc6 3. Bb5 a6 4. Ba4 Nf6 5. Bxc6 dxc6 6. d3 Bd6 7. Nbd2 Be6 8. b3 c5 9. Bb2 Nd7 10. O-O O-O 11. Nc4 Bxc4 12. dxc4 Qe7 13. Qd5 b6 14. a4 a5 15. Rad1 Rae8 16. Rfe1 h6 17. g3 Kh7 18. Bc1 f5 19. exf5 Rxf5 20. Qe4 g6 21. Nh4 Rf6 22. f4 Qf7 23. Bb2 Re7 24. f5 g5 25. Ng6 Rxg6 26. fxg6+ Qxg6 27. Rd2 Qxe4 28. Rxe4 Rf7 29. Rf2 Kg6 30. Rxf7 Kxf7 31. Kg2 Ke6 32. h3 Nf6 33. Re1 h5 34. Bc1 g4 35. hxg4 hxg4 36. Bg5 Nd7 37. Kf2 Kf5 38. Bh4 e4 39. Rd1 Ne5 40. Rd5 Ke6 41. Ke3 c6 42. Rd1 Nf3 43. Kxe4 Nd4 44. Rd2 Nf5 45. Rf2 Nxg3+ 46. Bxg3 Bxg3 47. Rg2 Bd6 48. Rxg4 Be7 49. Rg6+ Kd7 50. Kf5 Bd6 51. Rg7+ Kc8 52. Ke6 Bh2 53. Rg4 Kc7 54. Rg8 Bf4 55. Ra8 Bh2 56. Ra7+ Kc8 57. Rh7 Bg3 58. Rg7 Bf4 59. Rg4 Bh2 60. Rg2 Bf4 61. Kf5 Bd6 62. Rg6 Kc7 63. Ke6 Bf4 64. Rg7+ Kc8 65. Rg2 Kc7 66. Kf5 Bd6 67. Rg7+ Kc8 68. c3 Bh2 69. Rg2 Bd6 70. Ke6 Bf4 71. Rg6 Bh2 72. Rg2 Bf4 73. Kf5 Bd6 74. Ke6 Bf4 75. Rb2 Kc7 76. b4 cxb4 77. cxb4 axb4 78. Rxb4 Be3 79. Rb3 Bc5 80. Rh3 Bb4 81. Rh7+ Kc8 82. Rh5 Kc7 83. Rf5 Kc8 84. Rh5 Kc7 85. Rh7+ Kc8 86. Ke5 Bc5 87. Ke4 Bb4 88. Kd3 Kb8 89. Kc2 Kc8 90. Kb3 Bc5 91. Rh5 Kb7 92. Rh7+ Kb8 93. Rh5 Kb7 94. a5 Ka6 95. Rh6 Kxa5 96. Rxc6 Be3 97. Re6 Bc5 98. Re8 Ka6 99. Ka4 Kb7 100. Kb5 Kc7 101. Rh8 Bg1 102. Rh6 Bf2 103. Rh7+ Kd6 104. Rb7 1-0

[Event "Paul Keres mem. (42nd)"]
[Site "Richmond CAN"]
[Date "2017.05.22"]
[Round "5.5"]
[White "Valencia, Belsar"]
[Black "Gornall, Kirk"]
[Result "1-0"]
[WhiteElo "2378"]
[BlackElo "2090"]
[WhiteFideId "-1"]
[WhiteFideId "-1"]
[PlyCount "42"]
[GameId "2160767908411437"]
[EventDate "2017.05.20"]
[EventType "swiss"]
[EventRounds "6"]
[EventCountry "CAN"]
[SourceTitle "10 Days #408"]
[Source "Chess Mix"]
[SourceDate "2014.08.01"]

1. c4 c6 2. Nf3 d5 3. d4 Nf6 4. Nc3 a6 5. c5 g6 6. Bf4 Nh5 7. Bd2 Nf6 8. h3 Ne4 9. Bf4 Nxc3 10. bxc3 Nd7 11. e3 Bg7 12. Rc1 Qa5 13. Qc2 O-O 14. Be2 e5 15. Bh2 exd4 16. exd4 Re8 17. O-O b6 18. cxb6 Nxb6 19. Rfe1 Bh6 20. Bd3 Rxe1+ 21. Rxe1 Be6 1-0

[Event "Paul Keres mem. (42nd)"]
[Site "Richmond CAN"]
[Date "2017.05.22"]
[Round "5.6"]
[White "McLaren, Brian"]
[Black "Fratila, Adela"]
[Result "0-1"]
[WhiteElo "2194"]
[BlackElo "2123"]
[WhiteFideId "-1"]
[WhiteFideId "-1"]
[PlyCount "86"]
[GameId "2160767908411438"]
[EventDate "2017.05.20"]
[EventType "swiss"]
[EventRounds "6"]
[EventCountry "CAN"]
[SourceTitle "10 Days #408"]
[Source "Chess Mix"]
[SourceDate "2014.08.01"]

1. e4 e6 2. d4 d5 3. e5 c5 4. c3 Nc6 5. Be3 Qb6 6. Qd2 Bd7 7. Nf3 f6 8. exf6 Nxf6 9. Bd3 c4 10. Be2 Bd6 11. Ne5 O-O 12. Qc1 Be8 13. Nd2 Qc7 14. f4 Bh5 15. Qd1 Bxe2 16. Qxe2 b5 17. O-O b4 18. cxb4 Nxb4 19. Rfc1 Nd7 20. a3 Bxe5 21. dxe5 Nc6 22. Nf3 Rab8 23. Rc2 Na5 24. Nd4 Rfe8 25. Qg4 Nf8 26. Rd1 Nb3 27. Nf3 Qf7 28. Rf2 Rb7 29. Nd4 Nxd4 30. Bxd4 Qg6 31. Qf3 Rb3 32. Qe2 a6 33. Kh1 h5 34. Bc3 Qf5 35. h3 h4 36. Qg4 Qxg4 37. hxg4 Kf7 38. f5 Nd7 39. g5 Rxc3 40. g6+ Ke7 41. bxc3 Nxe5 42. Re1 Kd6 43. fxe6 Nd3 0-1

[Event "Paul Keres mem. (42nd)"]
[Site "Richmond CAN"]
[Date "2017.05.22"]
[Round "5.8"]
[White "Pechisker, Alfred"]
[Black "Huang, Patrick"]
[Result "1-0"]
[WhiteElo "2262"]
[BlackElo "1927"]
[WhiteFideId "-1"]
[WhiteFideId "-1"]
[PlyCount "63"]
[GameId "2160767908411440"]
[EventDate "2017.05.20"]
[EventType "swiss"]
[EventRounds "6"]
[EventCountry "CAN"]
[SourceTitle "10 Days #408"]
[Source "Chess Mix"]
[SourceDate "2014.08.01"]

1. d4 Nf6 2. c4 c5 3. d5 b5 4. cxb5 a6 5. bxa6 Bxa6 6. Nc3 d6 7. b3 g6 8. Bb2 Bg7 9. Qd2 Nbd7 10. Nf3 Qa5 11. Rd1 O-O 12. g3 Rfb8 13. Bg2 c4 14. Nd4 Ne5 15. O-O cxb3 16. axb3 Nfd7 17. Nc6 Qb6 18. Nxb8 Rxb8 19. Ba1 Nc5 20. Na4 Qxb3 21. Nxc5 dxc5 22. Rfe1 Nc4 23. Qg5 Nb2 24. Bxb2 Qxb2 25. Qxe7 Bf6 26. Qxc5 Rc8 27. Qd6 Bc4 28. Rb1 Qc3 29. Rec1 Qd4 30. e3 Qe5 31. Qxe5 Bxe5 32. Bf1 1-0

[Event "Paul Keres mem. (42nd)"]
[Site "Richmond CAN"]
[Date "2017.05.22"]
[Round "5.10"]
[White "James, Rowan"]
[Black "Zhou, Aiden"]
[Result "1-0"]
[WhiteElo "1840"]
[BlackElo "1958"]
[WhiteFideId "-1"]
[WhiteFideId "-1"]
[PlyCount "81"]
[GameId "2160767908411441"]
[EventDate "2017.05.20"]
[EventType "swiss"]
[EventRounds "6"]
[EventCountry "CAN"]
[SourceTitle "10 Days #408"]
[Source "Chess Mix"]
[SourceDate "2014.08.01"]

1. e4 c5 2. c3 d5 3. exd5 Qxd5 4. d4 Nc6 5. Nf3 Nf6 6. Be2 cxd4 7. cxd4 e6 8. Nc3 Bb4 9. O-O Qa5 10. Bd2 O-O 11. a3 Bxc3 12. bxc3 Ne4 13. Bd3 Nxd2 14. Qxd2 Ne7 15. Qc2 h6 16. Ne5 Nc6 17. Rfe1 Qc7 18. Re3 Nxe5 19. Rxe5 b6 20. Re3 Bb7 21. Rg3 Kh8 22. Re1 Rac8 23. Be4 Rfd8 24. Qd2 Bxe4 25. Rxe4 Qe7 26. Reg4 Rg8 27. h3 Kh7 28. Qd3+ g6 29. Rf4 f5 30. Re3 Qxa3 31. Rff3 Qd6 32. Qe2 Rge8 33. Re5 Kg7 34. Rfe3 Rc6 35. d5 Rc5 36. Rxe6 Rxe6 37. dxe6 Rc8 38. Rd3 Qb8 39. Rd7+ Kf8 40. Qe3 f4 41. Qd4 1-0

[Event "Paul Keres mem. (42nd)"]
[Site "Richmond CAN"]
[Date "2017.05.22"]
[Round "6"]
[White "Ferguson, Jim"]
[Black "McLaren, Brian"]
[Result "1-0"]
[WhiteElo "2160"]
[BlackElo "2194"]
[WhiteFideId "-1"]
[WhiteFideId "-1"]
[PlyCount "81"]
[GameId "2160767908411442"]
[EventDate "2017.05.20"]
[EventType "swiss"]
[EventRounds "6"]
[EventCountry "CAN"]
[SourceTitle "CBM 178 Extra"]
[Source "ChessBase"]
[SourceDate "2017.06.22"]
[SourceVersion "1"]
[SourceVersionDate "2017.06.22"]
[SourceQuality "1"]

1. e4 Nf6 2. e5 Nd5 3. Nf3 d6 4. Be2 Bg4 5. O-O c6 6. exd6 exd6 7. Re1 Be7 8. c4 Nf4 9. Bf1 Ne6 10. h3 Bxf3 11. Qxf3 O-O 12. b3 Bf6 13. Nc3 Nd7 14. Rb1 Qc7 15. Ne4 Be5 16. b4 f5 17. Ng3 Nd4 18. Qd3 f4 19. Ne4 h6 20. c5 dxc5 21. bxc5 Rad8 22. Bb2 Nf6 23. Nd6 Bxd6 24. Bxd4 Be7 25. Qb3+ Kh8 26. Be5 Qa5 27. d4 Rd7 28. Qe6 Qd8 29. Rb3 Ng8 30. Bc4 Bf6 31. Bd6 Be7 32. Qg6 Bxd6 33. Bd3 Nf6 34. cxd6 Rxd6 35. Rxb7 Rd7 36. Reb1 Qe7 37. Rxd7 Qxd7 38. Re1 a5 39. Bf5 Qc7 40. Re6 Kg8 41. Bc2 1-0

[Event "Paul Keres mem. (42nd)"]
[Site "Richmond CAN"]
[Date "2017.05.22"]
[Round "6.1"]
[White "Sohal, Tanraj"]
[Black "Gentes, Kevin"]
[Result "1/2-1/2"]
[WhiteElo "2373"]
[BlackElo "2350"]
[WhiteFideId "-1"]
[WhiteFideId "-1"]
[PlyCount "99"]
[GameId "2160767908411443"]
[EventDate "2017.05.20"]
[EventType "swiss"]
[EventRounds "6"]
[EventCountry "CAN"]
[SourceTitle "10 Days #408"]
[Source "Chess Mix"]
[SourceDate "2014.08.01"]

1. d4 Nf6 2. c4 e6 3. Nf3 Bb4+ 4. Nbd2 a5 5. g3 b6 6. Bg2 Bb7 7. O-O O-O 8. Qc2 Bxd2 9. Bxd2 Be4 10. Qc1 d6 11. Bc3 Nbd7 12. b3 Qb8 13. Qd2 Qb7 14. Rac1 a4 15. b4 b5 16. c5 Qd5 17. a3 Rfd8 18. Qb2 Qh5 19. Bd2 Nd5 20. Rce1 Ne7 21. h3 f6 22. Qa2 d5 23. Bf4 Rac8 24. g4 Qf7 25. Bg3 h6 26. Qd2 Rf8 27. Nh2 Bxg2 28. Kxg2 f5 29. f3 f4 30. Bf2 c6 31. e4 Rce8 32. e5 g5 33. h4 gxh4 34. Bxh4 Ng6 35. Bf2 Kg7 36. Rh1 Rh8 37. Reg1 h5 38. gxh5 Rxh5 39. Ng4 Reh8 40. Qc2 Rxh1 41. Rxh1 Rxh1 42. Kxh1 Qe7 43. Kg2 Qg5 44. Qc1 Qh5 45. Qh1 Qxh1+ 46. Kxh1 Ne7 47. Kg2 Nf5 48. Kf1 Kg6 49. Ke2 Kg5 50. Kd3 1/2-1/2